|
|
|
|
| LEADER |
00000nab a2200000 4500 |
| 001 |
vtls012013367 |
| 003 |
SK-MaSNL |
| 005 |
20260304171417.0 |
| 008 |
210205|2015 xo |||| ||an ||00 0|slo |
| 015 |
|
|
|a SNBRB2021/02
|
| 040 |
|
|
|a SPKCL
|b slo
|e rda
|
| 041 |
|
|
|a slo
|b eng
|
| 044 |
|
|
|a xo
|c SK
|
| 072 |
|
7 |
|a 316.36
|x Manželstvo a rodina. Sexuálne vzťahy
|2 konspekt
|
| 080 |
|
|
|a 316.36
|2 2011
|
| 100 |
1 |
|
|a Pasternáková, Lenka,
|d 1979-
|4 aut
|9 207973
|
| 245 |
1 |
0 |
|a Analýza metód hodnotenia aplikovaných v rodinnej výchove
|c Lenka Pasternáková
|
| 336 |
|
|
|a text
|b txt
|2 rdacontent
|
| 337 |
|
|
|a bez média
|b n
|2 rdamedia
|
| 338 |
|
|
|a zväzok
|b nc
|2 rdacarrier
|
| 504 |
|
|
|a Obsahuje bibliografiu
|
| 546 |
|
|
|a Anglické resumé
|
| 650 |
0 |
7 |
|a rodina
|2 SNKPH
|9 4138
|
| 650 |
0 |
7 |
|a rodinná výchova
|2 SNKPH
|9 66934
|
| 650 |
0 |
7 |
|a odmeny a tresty
|2 SNKPH
|9 107721
|
| 650 |
0 |
7 |
|a hodnotenie
|2 SNKPH
|9 434836
|
| 773 |
0 |
|
|t Edukácia (online )
|g Roč. 1, č. 1 (2015), s. 210-216
|x 1339-8725
|
| 856 |
4 |
1 |
|u //www.upjs.sk/edukacia/
|
| 958 |
|
|
|a NB
|
| 999 |
|
|
|c 2993339
|d 2995269
|